000
00290nam a2200109Ia 4500
008
200302s9999 xx 000 0 und d
100
_a
Nikos A. Salingaros
245
_a
Twelve Lectures On Architecture - Algorithmic Sustainable Design
260
_b
Umbau
260
_c
2010
300
_a
252 P.,
999
_c
4325
_d
4325